Statistics for Countries With The Tallest People By Continent

Click here to take the quiz!

General Stats

  • This quiz has been taken 24 times
  • The average score is 18 of 30

Answer Stats

cmCountry% Correct
178.1Netherlands
95%
171.6Australia
77%
176.8Estonia
77%
176.5Croatia
73%
170.7New Zealand
73%
169.8Argentina
68%
169.6Brazil
64%
171.9Lebanon
64%
169.8Turkey
64%
169.1Uruguay
64%
172.6Barbados
59%
177.6Bosnia and Herzegovina
59%
168.7Chile
59%
168.9Israel
59%
168.7Libya
59%
167.8Samoa
59%
168.2Algeria
55%
174.1Antigua and Barbuda
55%
175.2Dominica
55%
178.4Montenegro
55%
168.0Morocco
55%
167.9Tonga
55%
168.2Venezuela
55%
169.4Georgia
50%
172.9Grenada
50%
167.1Palau
50%
172.6Saint Lucia
50%
168.9Tunisia
50%
168.5Saudi Arabia
45%
170.7Senegal
45%

Score Distribution

Percentile by Number Answered

Percent of People with Each Score

Your Score History

You have not taken this quiz